Countries of Africa in French - Statistics

General Stats
  • This quiz has been taken 58 times
  • The average score is 39 of 54
Answer Stats
Hint Answer % Correct
Algeria Algérie
95%
Angola Angola
92%
Burkina Faso Burkina-Faso
92%
Benin Bénin
89%
Burundi Burundi
89%
Botswana Botswana
86%
Cameroon Cameroun
76%
Congo (Rep.) Congo
76%
Ivory Coast Côte D'Ivoire
76%
Madagascar Madagascar
76%
Mali Mali
76%
Morocco Maroc
76%
Mauritania Mauritanie
76%
Rwanda Rwanda
76%
Senegal Sénégal
76%
Tunisia Tunisie
76%
South Africa Afrique du Sud
73%
Djibouti Djibouti
73%
Ethiopia Éthiopie
73%
Gabon Gabon
73%
Ghana Ghana
73%
Kenya Kenya
73%
Namibia Namibie
73%
Niger Niger
73%
Congo (Dem. Rep.) République Démocratique du Congo
73%
Somalia Somalie
73%
Gambia Gambie
70%
Lesotho Lesotho
70%
Malawi Malawi
70%
Mozambique Mozambique
70%
Nigeria Nigéria
70%
Seychelles Seychelles
70%
Tanzania Tanzanie
70%
Chad Tchád
70%
Zimbabwe Zimbabwe
70%
Cape Verde Cap-Vert
68%
Comoros Comores
68%
Egypt Égypte
68%
Liberia Libéria
68%
Libya Libye
68%
Sierra Leone Sierra Leone
68%
Sudan Soudan
68%
South Sudan Soudan du Sud
68%
Togo Togo
68%
Zambia Zambie
68%
Guinea Guinée
65%
Eswatini Eswatini
62%
Guinea-Bissau Guinée-Bissao
62%
Equatorial Guinea Guinée-Équatoriale
62%
Uganda Ouganda
62%
São Tóme and Príncipe Sao Tomé-et-Principe
62%
Eritrea Érythrée
57%
Mauritius Maurice
57%
Central African Republic République Centrafricaine
49%
No matching quizzes found
Score Distribution
Percent of People with Each Score
Percentile by Number Answered
Your Score History
You have not taken this quiz